000 00694nam a2200229 i 4500
001 50363
003 ES-MaACL
005 20230906162152.0
007 t|
008 030804s1968 sp ||||1| spa d
080 _a821.1.34.2-311.2"19"
100 1 _aCuevas, José de las.
_942099
245 1 0 _aMientras apagan las ventanas de Sevilla /
_cJosé y Jesús de las Cuevas.
250 _a1ª ed.
260 _aBarcelona :
_bPlaneta,
_c1968.
300 _a254 p. ;
_c19 cm.
490 1 _aAutores españoles contemporáneos
700 1 _aCuevas, Jesús de las.
_942097
830 0 _aAutores españoles contemporáneos
_9180811
852 _aES-MaACL
_jC-56786
_bR.67363
999 _c50363
_d50363